From science to co-existence, the GM debate rolls on (Record no. 75194)

MARC details
000 -LEADER
fixed length control field 01259cab a2200169 4500
001 - CONTROL NUMBER
control field L129636
008 - FIXED-LENGTH DATA ELEMENTS--GENERAL INFORMATION
fixed length control field 050506n2005 000 0 eng u
035 ## - SYSTEM CONTROL NUMBER
System control number (Sirsi) u129636
041 ## - LANGUAGE CODE
Language code of text/sound track or separate title eng
245 ## - TITLE STATEMENT
Title From science to co-existence, the GM debate rolls on
260 ## - PUBLICATION, DISTRIBUTION, ETC.
Date of publication, distribution, etc. 2005
490 ## - SERIES STATEMENT
Series statement ENDS Report
Volume/sequential designation (363) April 2005, 29-31 (3)
520 ## - SUMMARY, ETC.
Summary, etc. Reports on the state of GM crops policy in the UK. This follows publication of the final results of the four year Farm Scale Evaluations (FSEs) in March 2005, which crushed the biotechnology industry's hopes of establishing GM crops in Britain. The FSEs comprised the largest experimental study anywhere in the world of the impacts of crop management practices on farmland ecology. Government now believes that no GM crops are likely to come forward for growing in the UK until 2008 at the earliest. Discusses how the policy debate has moved on towards the possibility of broader environmental assessments of all significant crop innovations and the need for the new government to devise arrangements for the co-existence of GM crops with other types of farming.
590 ## - LOCAL NOTE (RLIN)
Local note IKA190505
690 ## - LOCAL SUBJECT ADDED ENTRY--TOPICAL TERM (OCLC, RLIN)
Topical term or geographic name as entry element ENVIRONMENTAL AND LAND CONSULTANCY-AGRIBUSINESS-BIOTECHNOLOGY-GENETICALLY MODIFIED ORGANISMS
942 ## - ADDED ENTRY ELEMENTS (KOHA)
Suppress in OPAC 0
Holdings
Withdrawn status Lost status Source of classification or shelving scheme Damaged status Not for loan Home library Current library Shelving location Date acquired Total Checkouts Full call number Barcode Date last seen Copy number Price effective from Koha item type
    Dewey Decimal Classification     London London Journal article 06/05/2005   L129636 129636-1001 06/08/2019 1 06/08/2019 Journal article